| 000 | 00813nam a22002297a 4500 | ||
|---|---|---|---|
| 003 | OSt | ||
| 005 | 20230126094701.0 | ||
| 008 | 160111b xxu||||| |||| 00| 0 eng d | ||
| 020 | _a978 90 76162 11 9 | ||
| 040 | _cLado V | ||
| 082 |
_a700.79 _bB892c |
||
| 100 |
_aBruin-Derakhshani, Fariba de _9633 _eeditora |
||
| 245 |
_aCulture and Conflict/ _bPrince Claus Awards/ |
||
| 260 |
_aAmsterdam _bFundacion Principe cCaus _c2007 |
||
| 300 |
_a127p. _bil. (col.) _c17x23cm. |
||
| 500 | _aNotas en español, inglés y alemán | ||
| 650 |
_aPREMIOS DE ARTE _2Tesauro de Arte & Arquitectura |
||
| 650 |
_aEXHIBICION _2Tesauro de Arte & Arquitectura |
||
| 650 |
_aARTE _2Tesauro de Arte & Arquitectura |
||
| 650 |
_aCATALOGO _2Tesauro de Arte & Arquitectura |
||
| 942 |
_2ddc _c1 _n0 _h700.79 _iB892c |
||
| 999 |
_c2904 _d2904 |
||